[Event "Queen City IM Norm"]
[Site "Manchester, NH"]
[Date "2017.03.23"]
[Round "1.3"]
[White "Shmelov, Denys"]
[Black "Sarkar, Justin"]
[Result "1/2-1/2"]
[WhiteElo "2418"]
[BlackElo "2383"]
[PlyCount "69"]
[EventDate "2017.??.??"]
[WhiteClock "0:06:48"]
[BlackClock "0:10:04"]

1. d4 Nf6 2. c4 g6 3. Nc3 d5 4. cxd5 Nxd5 5. Bd2 Bg7 6. e4 Nxc3 7. Bxc3 c5 8.
d5 Bxc3+ 9. bxc3 e6 10. Bc4 O-O 11. Nf3 exd5 12. Bxd5 Nc6 13. Rb1 Qf6 14. Qd2
Bg4 15. Qe3 Bxf3 16. Qxf3 Qxf3 17. gxf3 Rab8 18. Ke2 Rfc8 19. h4 Kg7 20. h5 b5
21. a3 Ne7 22. Bb3 c4 23. Bc2 a5 24. hxg6 hxg6 25. f4 Nc6 26. Rhd1 b4 27. Ba4
bxa3 28. Bxc6 Rxb1 29. Rxb1 Rxc6 30. Ra1 Rb6 31. Rxa3 Rb3 32. Rxa5 Rxc3 33. Rc5
Rc2+ 34. Ke3 Rc3+ 35. Ke2 1/2-1/2

[Event "Queen City IM Norm"]
[Site "Manchester, NH"]
[Date "2017.03.23"]
[Round "2.3"]
[White "Kumar, Nikhil"]
[Black "Bregadze, Levan"]
[Result "0-1"]
[WhiteElo "2444"]
[BlackElo "2453"]
[PlyCount "78"]
[EventDate "2017.??.??"]
[WhiteClock "0:00:32"]
[BlackClock "0:44:03"]

1. d4 Nf6 2. c4 e6 3. Nc3 Bb4 4. e3 O-O 5. Nge2 d5 6. a3 Be7 7. cxd5 exd5 8.
Nf4 c6 9. Bd3 Nbd7 10. O-O Re8 11. f3 Nf8 12. b4 Bd6 13. Bd2 Ng6 14. Nfe2 a5
15. Rb1 axb4 16. axb4 b6 17. h3 Bb8 18. e4 dxe4 19. fxe4 c5 20. bxc5 bxc5 21.
Bg5 cxd4 22. Nd5 Be5 23. Bb5 Bd7 24. Bxd7 Qxd7 25. Bxf6 gxf6 26. Nb6 Qa7 27.
Nxa8 d3+ 28. Nb6 dxe2 29. Qxe2 Bd4+ 30. Kh1 Bxb6 31. Rxf6 Bd4 32. Ra6 Qe7 33.
Ra4 Be5 34. Qa2 Qh4 35. Ra7 Re6 36. Ra3 Qf4 37. g3 Qxe4+ 38. Kh2 Rc6 39. Rb2
Bxb2 0-1

[Event "Queen City IM Norm"]
[Site "Manchester, NH"]
[Date "2017.03.24"]
[Round "3.1"]
[White "Bregadze, Levan"]
[Black "Ivanov, Alexander"]
[Result "1/2-1/2"]
[WhiteElo "2453"]
[BlackElo "2480"]
[PlyCount "64"]
[EventDate "2017.??.??"]
[WhiteClock "0:34:16"]
[BlackClock "0:00:43"]

1. e4 e5 2. Nf3 Nc6 3. d4 exd4 4. Nxd4 Nf6 5. Nxc6 bxc6 6. e5 Qe7 7. Qe2 Nd5 8.
c4 Nb6 9. b3 a5 10. Ba3 Qg5 11. Bxf8 Kxf8 12. Nd2 Qe7 13. Qe3 d6 14. f4 dxe5
15. fxe5 a4 16. Be2 axb3 17. O-O bxa2 18. Nf3 Kg8 19. Kh1 h6 20. Nd4 Bd7 21.
Qf2 g6 22. Bf3 Nxc4 23. Bxc6 Bxc6 24. Nxc6 Qe6 25. Qc5 Nd2 26. Nd4 Qc4 27. Qxc4
Nxc4 28. e6 Rh7 29. e7 Nd6 30. Rfc1 Ne8 31. Nb5 f6 32. Nxc7 Nxc7 1/2-1/2

[Event "Queen City IM Norm"]
[Site "Manchester, NH"]
[Date "2017.03.24"]
[Round "3.2"]
[White "Shmelov, Denys"]
[Black "Kumar, Nikhil"]
[Result "1/2-1/2"]
[WhiteElo "2418"]
[BlackElo "2444"]
[PlyCount "103"]
[EventDate "2017.??.??"]
[WhiteClock "0:28:16"]
[BlackClock "1:00:16"]

1. e4 c6 2. d4 d5 3. Nc3 dxe4 4. Nxe4 Bf5 5. Ng3 Bg6 6. h4 h6 7. Nf3 Nd7 8. h5
Bh7 9. Bd3 Bxd3 10. Qxd3 e6 11. Bd2 Ngf6 12. O-O-O Bd6 13. Kb1 Bc7 14. Qe2 O-O
15. Nf1 Re8 16. Ne5 c5 17. Nxd7 Qxd7 18. dxc5 Qc6 19. Rg1 Ne4 20. Be3 f5 21. f3
Nf6 22. g4 f4 23. Bf2 Rad8 24. Nd2 Rd5 25. Nb3 Re5 26. Qd3 Rd8 27. Nd4 Qxc5 28.
c4 Qe7 29. Qc3 Ba5 30. Qc2 Bb6 31. Rd2 Ba5 32. Rd3 Nd7 33. Nb3 Bb6 34. Rgd1 Nf6
35. Bxb6 Rxd3 36. Qxd3 axb6 37. Qd4 Re2 38. Qxf4 e5 39. Qf5 e4 40. Qc8+ Kf7 41.
f4 e3 42. g5 hxg5 43. fxg5 Qe4+ 44. Ka1 Nxh5 45. Qd7+ Kg6 46. Nc1 Rd2 47. Rxd2
exd2 48. Qxd2 Qxc4 49. Ne2 Qc5 50. a3 Qxg5 51. Qd7 Qe5 52. Nc3 1/2-1/2

[Event "Queen City IM Norm"]
[Site "Manchester, NH"]
[Date "2017.03.24"]
[Round "4.1"]
[White "Shmelov, Denys"]
[Black "Ivanov, Alexander"]
[Result "1/2-1/2"]
[WhiteElo "2418"]
[BlackElo "2480"]
[PlyCount "37"]
[EventDate "2017.??.??"]
[WhiteClock "0:11:42"]
[BlackClock "0:36:59"]

1. d4 Nf6 2. c4 e6 3. Nc3 Bb4 4. Qc2 c5 5. dxc5 O-O 6. a3 Bxc5 7. Nf3 b6 8. Bf4
Bb7 9. Rd1 Nc6 10. b4 Be7 11. e4 a5 12. b5 Na7 13. Be2 Nh5 14. Bc1 Qc7 15. O-O
Rad8 16. Rfe1 d6 17. Be3 Nc8 18. Nd2 Nf6 19. Qb3 1/2-1/2

[Event "Queen City IM Norm"]
[Site "Manchester, NH"]
[Date "2017.03.24"]
[Round "4.2"]
[White "Sarkar, Justin"]
[Black "Bregadze, Levan"]
[Result "1/2-1/2"]
[WhiteElo "2383"]
[BlackElo "2453"]
[PlyCount "57"]
[EventDate "2017.??.??"]
[WhiteClock "0:27:39"]
[BlackClock "1:01:34"]

1. d4 f5 2. e4 fxe4 3. Nc3 Nf6 4. Bg5 e6 5. Nxe4 Be7 6. Bxf6 Bxf6 7. Qh5+ g6 8.
Qh6 Qe7 9. Nxf6+ Qxf6 10. O-O-O Nc6 11. Nf3 Ne7 12. h4 b6 13. h5 Bb7 14. Qg5
Qxg5+ 15. Nxg5 h6 16. hxg6 Nxg6 17. Nh3 Ke7 18. f3 Raf8 19. Rh2 Rhg8 20. Nf2
Nf4 21. Nd3 Nxd3+ 22. Bxd3 Rf6 23. Kd2 Kf7 24. Rdh1 Rg5 25. Bf1 Kg7 26. Rh5
Rfg6 27. Ke3 Rxh5 28. Rxh5 Rg5 29. Rxg5+ 1/2-1/2

[Event "Queen City IM Norm"]
[Site "Manchester, NH"]
[Date "2017.03.25"]
[Round "5.1"]
[White "Ivanov, Alexander"]
[Black "Gorti, Akshita"]
[Result "1/2-1/2"]
[WhiteElo "2480"]
[BlackElo "2215"]
[PlyCount "70"]
[EventDate "2017.??.??"]
[WhiteClock "0:01:21"]
[BlackClock "0:01:50"]

1. e4 e6 2. d4 d5 3. Nd2 c5 4. exd5 Qxd5 5. dxc5 Nf6 6. Ngf3 Qxc5 7. Bd3 Nbd7
8. Qe2 Qc7 9. Nb3 a6 10. Bg5 Bd6 11. O-O-O O-O 12. Kb1 b5 13. Nfd4 b4 14. Rhe1
Re8 15. Bb5 Nd5 16. Ba4 Bb7 17. Na5 Rac8 18. Nxb7 Qxb7 19. Ka1 Be7 20. Bc1 Bf6
21. g3 Re7 22. Bb3 N7b6 23. g4 g6 24. f4 a5 25. Qb5 a4 26. Bxa4 Nxa4 27. Qxa4
Qb6 28. Qb5 Qxb5 29. Nxb5 Rxc2 30. g5 Bg7 31. Kb1 Rc5 32. Nd4 Rec7 33. Nb3 Rc4
34. Rf1 h5 35. Rf2 Kf8 1/2-1/2

[Event "Queen City IM Norm"]
[Site "Manchester, NH"]
[Date "2017.03.25"]
[Round "5.2"]
[White "Kumar, Nikhil"]
[Black "Sarkar, Justin"]
[Result "1/2-1/2"]
[WhiteElo "2444"]
[BlackElo "2383"]
[PlyCount "89"]
[EventDate "2017.??.??"]
[WhiteClock "1:35:13"]
[BlackClock "1:04:25"]

1. d4 Nf6 2. c4 e6 3. Nc3 Bb4 4. e3 b6 5. Nge2 Ba6 6. a3 Bxc3+ 7. Nxc3 d5 8.
cxd5 Bxf1 9. Kxf1 exd5 10. g3 O-O 11. Kg2 Re8 12. f3 c5 13. b4 cxd4 14. exd4
Nc6 15. Qd3 Re6 16. Bg5 h6 17. Bxf6 Qxf6 18. Nxd5 Qxd4 19. Qxd4 Nxd4 20. Rad1
Nc2 21. Nc7 Ne3+ 22. Kf2 Nxd1+ 23. Rxd1 Rc8 24. Nxe6 fxe6 25. Ke3 Kf8 26. Rd7
Rc3+ 27. Rd3 Rc4 28. Kd2 b5 29. Rc3 Rxc3 30. Kxc3 e5 31. f4 exf4 32. gxf4 Ke7
33. Kd4 Kd6 34. f5 h5 35. h3 Ke7 36. Ke4 Kf7 37. Kf3 Kf6 38. Kf4 g5+ 39. fxg6
Kxg6 40. h4 Kf6 41. Ke4 Ke6 42. Kf4 Kf6 43. Ke4 Ke6 44. Kf4 Kf6 45. Ke4 1/2-1/2

[Event "Queen City IM Norm"]
[Site "Manchester, NH"]
[Date "2017.03.25"]
[Round "6.3"]
[White "Sarkar, Justin"]
[Black "Shmelov, Denys"]
[Result "1/2-1/2"]
[WhiteElo "2383"]
[BlackElo "2418"]
[PlyCount "56"]
[EventDate "2017.??.??"]
[WhiteClock "0:13:23"]
[BlackClock "0:15:17"]

1. d4 Nf6 2. c4 c5 3. d5 e6 4. Nc3 exd5 5. cxd5 d6 6. Nf3 g6 7. Bf4 a6 8. a4
Bg7 9. h3 O-O 10. e3 Ne8 11. Be2 Nd7 12. O-O b6 13. Nd2 Ne5 14. Bh2 f5 15. Rb1
Nc7 16. b4 c4 17. b5 axb5 18. axb5 Bb7 19. Bxe5 Bxe5 20. Qc2 Qf6 21. Na4 c3 22.
Nc4 Nxd5 23. Naxb6 Nxb6 24. Nxb6 Rad8 25. f4 Bxf4 26. exf4 Qd4+ 27. Kh2 Qxb6
28. Qxc3 d5 1/2-1/2

[Event "Queen City IM Norm"]
[Site "Manchester, NH"]
[Date "2017.03.26"]
[Round "7.2"]
[White "Shmelov, Denys"]
[Black "Gorti, Akshita"]
[Result "1/2-1/2"]
[WhiteElo "2418"]
[BlackElo "2215"]
[PlyCount "75"]
[EventDate "2017.??.??"]
[WhiteClock "0:07:13"]
[BlackClock "0:02:30"]

1. c4 e5 2. Nc3 Nf6 3. g3 Bb4 4. Bg2 O-O 5. Nf3 Re8 6. O-O e4 7. Ne1 Bxc3 8.
dxc3 h6 9. Nc2 Nc6 10. Ne3 d6 11. Qc2 a5 12. f4 exf3 13. exf3 Bd7 14. Kh1 Qc8
15. Bd2 Bh3 16. Rae1 Bxg2+ 17. Kxg2 Ne7 18. Rf2 Qd7 19. Rfe2 a4 20. Qd3 Qc6 21.
b3 axb3 22. axb3 Kf8 23. Bc1 Ra5 24. Nc2 Ng6 25. Nd4 Rxe2+ 26. Rxe2 Qd7 27. Nb5
Kg8 28. Qd4 Ne5 29. Bf4 Nc6 30. Qd2 Ra1 31. Qb2 Ra8 32. Qd2 Ra1 33. Qb2 Ra8 34.
Re1 Nh5 35. Be3 Re8 36. Qd2 Nf6 37. Rd1 b6 38. Nd4 1/2-1/2

[Event "Queen City IM Norm"]
[Site "Manchester, NH"]
[Date "2017.03.26"]
[Round "7.3"]
[White "Bregadze, Levan"]
[Black "Kumar, Nikhil"]
[Result "1-0"]
[WhiteElo "2453"]
[BlackElo "2444"]
[PlyCount "119"]
[EventDate "2017.??.??"]
[WhiteClock "1:18:51"]
[BlackClock "0:57:58"]

1. d4 d5 2. c4 e6 3. Nc3 Be7 4. Bf4 Nf6 5. e3 O-O 6. Nf3 b6 7. Rc1 c5 8. cxd5
Nxd5 9. Nxd5 exd5 10. Bd3 Nc6 11. Bb5 Bb7 12. O-O c4 13. b3 Nb4 14. bxc4 a6 15.
Ba4 dxc4 16. Rxc4 b5 17. Rxb4 Bxb4 18. Bc2 Bd6 19. Qd3 g6 20. Bg5 Qc7 21. e4
Rfe8 22. e5 Be7 23. Bb3 Bxf3 24. Bxe7 Bxg2 25. Bf6 Bxf1 26. Qd2 Qc6 27. d5 Qc5
28. d6 Rxe5 29. Qh6 Rg5+ 30. Bxg5 Qxd6 31. Kxf1 Qd3+ 32. Kg2 Qe4+ 33. Kg3 Qe5+
34. Bf4 Qc3+ 35. Be3 Qe5+ 36. Qf4 Qxf4+ 37. Kxf4 Kg7 38. Ke4 a5 39. Kd4 Rc8 40.
Bd2 a4 41. Bd5 h6 42. a3 g5 43. Be4 Rd8+ 44. Ke3 Kf6 45. Bc6 Kg6 46. Bxb5 f5
47. Bb4 f4+ 48. Ke4 Kh5 49. Bxa4 Kh4 50. Bc6 Kh3 51. a4 Kxh2 52. a5 Kg2 53. a6
Rd1 54. a7 Ra1 55. Bc5 f3 56. a8=Q Rxa8 57. Bxa8 g4 58. Kf4 h5 59. Be3 Kh3 60.
Bxf3 1-0

[Event "Queen City IM Norm"]
[Site "Manchester, NH"]
[Date "2017.03.26"]
[Round "8.3"]
[White "Gorti, Akshita"]
[Black "Sarkar, Justin"]
[Result "1/2-1/2"]
[WhiteElo "2215"]
[BlackElo "2383"]
[PlyCount "119"]
[EventDate "2017.??.??"]
[WhiteClock "0:14:31"]
[BlackClock "0:13:38"]

1. d4 f5 2. Bf4 Nf6 3. e3 e6 4. c4 Bb4+ 5. Nc3 Bxc3+ 6. bxc3 O-O 7. Nf3 d6 8.
Be2 Qe7 9. O-O Nbd7 10. Qc2 e5 11. Bg3 Ne4 12. Rfd1 b6 13. Nd2 Nxg3 14. hxg3
Bb7 15. Re1 g6 16. a4 a5 17. Nb3 Kg7 18. Rad1 h5 19. c5 dxc5 20. dxc5 Nxc5 21.
Nxc5 Qxc5 22. Rd7+ Rf7 23. Rxf7+ Kxf7 24. Rd1 Kf6 25. Qb3 Qe7 26. Qc4 Kg7 27.
Qb5 Kh6 28. Rd7 Qe6 29. Bc4 Qc6 30. f3 Qxb5 31. axb5 a4 32. Rxc7 Rc8 33. Rxb7
Rxc4 34. Rxb6 Rxc3 35. Ra6 a3 36. b6 Rxe3 37. b7 Rb3 38. Rxa3 Rxb7 39. Ra5 Re7
40. Kf2 Re6 41. Ke3 Kg5 42. Rb5 Kf6 43. Ra5 Rb6 44. Kf2 g5 45. Ra4 g4 46. Ra5
Rb2+ 47. Kf1 Rb1+ 48. Kf2 Rb2+ 49. Kf1 h4 50. gxh4 g3 51. Ra6+ Kf7 52. h5 Rb1+
53. Ke2 Rg1 54. Ke3 Rxg2 55. f4 Rh2 56. Rg6 Rxh5 57. Rxg3 e4 58. Kd4 e3 59.
Kxe3 Rh4 60. Rf3 1/2-1/2

[Event "Queen City IM Norm"]
[Site "Manchester, NH"]
[Date "2017.03.27"]
[Round "9.1"]
[White "Gorti, Akshita"]
[Black "Ivanov, Alexander"]
[Result "0-1"]
[WhiteElo "2215"]
[BlackElo "2480"]
[PlyCount "86"]
[EventDate "2017.??.??"]
[WhiteClock "0:05:16"]
[BlackClock "0:02:36"]

1. d4 Nf6 2. c4 e6 3. Nc3 Bb4 4. e3 b6 5. Nge2 c5 6. a3 Ba5 7. Rb1 Na6 8. g3
Bb7 9. d5 Ne4 10. Bg2 Bxc3+ 11. Nxc3 Nxc3 12. bxc3 O-O 13. O-O e5 14. a4 d6 15.
e4 Nb8 16. Re1 Ba6 17. Bf1 Nd7 18. Bd3 Qe7 19. f4 exf4 20. gxf4 Rae8 21. Bd2 f6
22. Ra1 Qf7 23. a5 Bc8 24. Kh1 f5 25. exf5 Rxe1+ 26. Qxe1 Re8 27. Qg3 bxa5 28.
Rxa5 Nf6 29. Qg2 Re7 30. Rb5 Qh5 31. Rb8 Qd1+ 32. Bf1 Re8 33. Kg1 a5 34. Ra8 a4
35. Be3 Bxf5 36. Rxe8+ Nxe8 37. Qe2 Qxe2 38. Bxe2 a3 39. Bc1 a2 40. Bb2 Nf6 41.
Kf2 Bc2 42. Ke3 Nd7 43. Kd2 Bb3 0-1

[Event "Queen City IM Norm"]
[Site "Manchester, NH"]
[Date "2017.03.27"]
[Round "9.3"]
[White "Shmelov, Denys"]
[Black "Bregadze, Levan"]
[Result "1/2-1/2"]
[WhiteElo "2418"]
[BlackElo "2453"]
[PlyCount "26"]
[EventDate "2017.??.??"]
[WhiteClock "1:22:06"]
[BlackClock "1:33:13"]

1. d4 Nf6 2. c4 e6 3. Nc3 Bb4 4. Qc2 O-O 5. e4 d5 6. e5 Ne4 7. Bd3 c5 8. Nf3
cxd4 9. Nxd4 Nd7 10. Bf4 Qb6 11. Ndb5 Ndc5 12. O-O Nxd3 13. Qxd3 Bxc3 1/2-1/2

[Event "Queen City IM Norm"]
[Site "Manchester, NH"]
[Date "2017.03.27"]
[Round "10.1"]
[White "Ivanov, Alexander"]
[Black "Shmelov, Denys"]
[Result "1-0"]
[WhiteElo "2480"]
[BlackElo "2418"]
[PlyCount "43"]
[EventDate "2017.??.??"]
[WhiteClock "0:16:32"]
[BlackClock "0:28:17"]

1. e4 e6 2. d4 d5 3. Nd2 Nf6 4. e5 Nfd7 5. c3 c5 6. f4 Nc6 7. Ndf3 Qb6 8. g3
cxd4 9. cxd4 Be7 10. Bh3 O-O 11. Ne2 f6 12. Nc3 Ndxe5 13. dxe5 fxe5 14. Kf1
exf4 15. gxf4 e5 16. Bxc8 Raxc8 17. Nxd5 Qb5+ 18. Kg2 Rfd8 19. Nc3 Qa5 20. Qe2
Rf8 21. Nxe5 Bf6 22. Rd1 1-0

[Event "Queen City IM Norm"]
[Site "Manchester, NH"]
[Date "2017.03.27"]
[Round "10.3"]
[White "Kumar, Nikhil"]
[Black "Gorti, Akshita"]
[Result "0-1"]
[WhiteElo "2444"]
[BlackElo "2215"]
[PlyCount "80"]
[EventDate "2017.??.??"]
[WhiteClock "0:17:50"]
[BlackClock "0:03:40"]

1. d4 e6 2. c4 Nf6 3. Nc3 Bb4 4. e3 O-O 5. Nge2 d5 6. a3 Be7 7. cxd5 exd5 8.
Nf4 c6 9. Bd3 Re8 10. O-O Nbd7 11. f3 Nf8 12. Bd2 Bd6 13. Qc2 Bc7 14. Rad1 Ng6
15. Nfe2 Qd6 16. g3 Be6 17. Kh1 Qd7 18. b4 b6 19. b5 c5 20. dxc5 bxc5 21. b6
axb6 22. Bb5 Qe7 23. Bxe8 Rxe8 24. Nb5 Bb8 25. Bc1 h5 26. Bb2 Bh3 27. Rfe1 Ne5
28. Nf4 Bd7 29. Nc3 Bc6 30. Ncxd5 Nxd5 31. Nxd5 Qe6 32. e4 Nxf3 33. Qc3 Nd4 34.
Qc1 Bxg3 35. hxg3 Qh3+ 36. Kg1 Qxg3+ 37. Kh1 Nf3 38. Nf6+ gxf6 39. Rg1 Nxg1 40.
Rxg1 Bxe4+ 0-1